Notable Person by City #1 - Statistics

General Stats
  • This quiz has been taken 1,099 times
  • The average score is 16 of 24
Answer Stats
City Profession Lifespan Famous Person % Correct
Atlanta civil rights leader 1929 - 1968 Martin Luther King Jr.
98%
Nazareth religious leader 4 BC - c. 30 AD Jesus
92%
Mecca religious leader 570 - 632 Muhammad
91%
Liverpool singer 1940 - 1980 John Lennon
88%
Salzburg composer 1756 - 1791 Wolfgang Amadeus Mozart
88%
Athens philosopher c. 428 BC - c. 348 BC Plato
87%
New York City president 1946 - Donald Trump
86%
Rome general, statesman 100 BC - 44 BC Julius Caesar
86%
Los Angeles actress 1926 - 1962 Marilyn Monroe
85%
London silent film actor 1889 - 1977 Charlie Chaplin
82%
Hong Kong martial artist 1954 - Jackie Chan
79%
Kingston singer 1945 - 1981 Bob Marley
78%
Caracas liberator 1783 - 1830 Simón Bolívar
78%
Pretoria entrepreneur 1971 - Elon Musk
71%
San Francisco actor, western 1930 - Clint Eastwood
62%
Seattle guitarist 1942 - 1970 Jimi Hendrix
57%
Dublin playwright 1854 - 1900 Oscar Wilde
56%
Bridgetown singer 1988 - Rihanna
56%
São Paulo racing driver 1960 - 1994 Ayrton Senna
50%
Paris philosopher, writer 1694 - 1778 Voltaire
48%
Zanzibar singer 1946 - 1991 Freddie Mercury
47%
Frankfurt am Main poet, novelist 1749 - 1832 Johann Wolfgang von Goethe
35%
Melbourne singer 1968 - Kylie Minogue
35%
Toronto singer 1945 - Neil Young
11%
No matching quizzes found
Score Distribution
Percent of People with Each Score
Percentile by Number Answered
Your Score History
You have not taken this quiz